Croatian towns and municipalities coats of arms: Split Dalmatia - Statistics

General Stats
  • This quiz has been taken 71 times
  • The average score is 27 of 55
Answer Stats
Picture Answer % Correct
Split
98%
Kaštela
91%
Nerežišća
88%
Solin
88%
Muć
86%
Zagvozd
86%
Prgomet
84%
Podgora
83%
Trogir
79%
Sinj
74%
Hvar
71%
Omiš
71%
Otok
71%
Imotski
66%
Makarska
66%
Supetar
66%
Bol
57%
Dugopolje
57%
Stari Grad
57%
Vis
57%
Baška Voda
53%
Klis
52%
Trilj
52%
Podstrana
50%
Komiža
47%
Šolta
47%
Jelsa
45%
Marina
45%
Brela
43%
Dugi Rat
43%
Vrgorac
41%
Vrlika
41%
Dicmo
40%
Milna
40%
Sutivan
40%
Tučepi
40%
Pučišća
36%
Seget
36%
Gradac
34%
Sućuraj
34%
Postira
33%
Cista Provo
31%
Hrvace
31%
Šestanovac
31%
Zmijavci
31%
Okrug
28%
Proložac
26%
Selca
26%
Primorski Dolac
24%
Runovići
24%
Lovreć
22%
Zadvarje
22%
Podbablje
21%
Lećevica
17%
Lokvičići
12%
No matching quizzes found
Score Distribution
Percent of People with Each Score
Percentile by Number Answered
Your Score History
You have not taken this quiz